000 00903nam a2200253Ia 4500
003 OSt
005 20220926030548.0
006 a|||||r|||| 00| 0
007 ta
008 220923b |||||||| |||| 00| 0 eng d
020 _a9780691142425
_c1555.53
037 _b31109, 31/01/2011, Segment Book Distrobutors
_cGeneral Book
040 _aRTL
_cRTL
_beng
041 _2eng
_aeng
082 _aX:16:(S:44), Q0
100 _aHALL Robert E
_9247825
245 0 _aForward-looking decision making
_b Dynamic-programming models applied to health, risk, employment, and financial stability
260 _aPrinceton
_bPrinceton University Press
_c2010
300 _axiii, 126p
_ccm.
490 _aGorman Lectures in Economics
650 _aEconomics
942 _hX:16:(S:44), Q0
_cGB
_2CC
999 _c650216
_d650216